Ambulatory anesthesia : the requisites in anesthesiology (Record no. 27137)

MARC details
000 -LEADER
fixed length control field 00456nam a2200169Ia 4500
020 ## - INTERNATIONAL STANDARD BOOK NUMBER
ISBN 0323032257 |a 9780323032254
050 ## - CALL MARK
Classification number RD 82 .A42/
245 #0 - TITLE STATEMENT
Title Ambulatory anesthesia : the requisites in anesthesiology
260 ## - PUBLICATION, DISTRIBUTION, ETC. (IMPRINT)
Place of publication Philadelphia
260 ## - PUBLICATION, DISTRIBUTION, ETC. (IMPRINT)
Name of publisher Mosby Elsevier
260 ## - PUBLICATION, DISTRIBUTION, ETC. (IMPRINT)
Year of publication 2006
300 ## - PHYSICAL DESCRIPTION
Number of Pages 204 p
650 ## - SUBJECT ADDED ENTRY--TOPICAL TERM
Topical Term AMBULATORY SURGERY ANESTHESIA
942 ## - ADDED ENTRY ELEMENTS (KOHA)
Koha item type Books
Holdings
Withdrawn status Lost status Source of classification or shelving scheme Damaged status Not for loan Permanent Location Current Location Date acquired Full call number Accession Number Price effective from Koha item type
    Library of Congress Classification     NILE UNIVERSITY OF NIGERIA - MAIN LIBRARY NILE UNIVERSITY OF NIGERIA - MAIN LIBRARY 04/23/2025 RD 82 .A42/ 0184679 04/23/2025 Books